Caracterización de residuos y categorización tarifaria en la Municipalidad de Montes de Oca
Gardado en:
| Autor Principal: | |
|---|---|
| Outros autores: | |
| Formato: | Libro |
| Idioma: | Spanish |
| Publicado: |
[San José, Costa Rica]
2013
|
| Materias: | |
| Etiquetas: |
Engadir etiqueta
Sen Etiquetas, Sexa o primeiro en etiquetar este rexistro!
|
MARC
| LEADER | 00000nam a22000007a 4500 | ||
|---|---|---|---|
| 003 | 011658 | ||
| 005 | 20221231143918.0 | ||
| 008 | 151008b2013 cr a|||| |||| 00| 0 spa d | ||
| 040 | |c cru CEDI | ||
| 090 | |a TFG 6828 | ||
| 100 | |9 1405 |a Estupiñán Tercero, Marta | ||
| 245 | |a Caracterización de residuos y categorización tarifaria en la Municipalidad de Montes de Oca | ||
| 260 | |a [San José, Costa Rica] |c 2013 | ||
| 500 | |a Proyecto de graduación (licenciatura en ingeniería industrial)--Universidad de Costa Rica. Facultad de Ingeniería. Escuela de Ingeniería Industrial | ||
| 650 | |x RECOLECCION DE BASURAS - SAN PEDRO DE MONTES DE OCA (SAN JOSE, COSTA RICA) |x MUNICIPALIDAD DE MONTES DE OCA (SAN JOSE, COSTA RICA) |x RESIDUOS SOLIDOS - ADMINISTRACION |x TRATAMIENTO DE RESIDUOS - COSTA RICA |x GESTION AMBIENTAL - COSTA RICA |x MUNICIPALIDADES - COSTA RICA |9 1406 | ||
| 700 | |9 1407 |a Rodríguez López, Alvaro | ||
| 942 | |c TFG | ||
| 999 | |c 14115 |d 14115 | ||
